| 000 | 01191nam a22003615a 4500 | ||
|---|---|---|---|
| 003 | EG-ScBUE | ||
| 005 | 20220516102704.0 | ||
| 006 | m||||fq||z 00| 0 | ||
| 008 | 170102t2011 enka f 001 0 eng d | ||
| 020 | _a9781424018079 | ||
| 020 | _a1424018072 | ||
| 040 |
_aEG-ScBUE _beng _erda _cEG-ScBUE _dEG-ScBUE |
||
| 082 | 0 | 4 |
_a428.2 _bHUG _222 |
| 100 | 1 |
_aHughes, John, _eauthor. _938649 |
|
| 245 | 1 | 0 |
_aPractical grammar. _nlevel 3 / _cJohn Hughes, Ceri Jones. |
| 264 | 1 |
_aHampshire, United Kingdom : _bHeinle ELT, _c[2011] |
|
| 264 | 4 | _cc2011 | |
| 300 |
_a288 pages : _billustrations ; _c24 cm + _e2 CD |
||
| 336 |
_2rdacontent _atext _btxt |
||
| 336 |
_2rdacontent _aspoken word _bspw |
||
| 337 |
_2rdamedia _aunmediated _bn |
||
| 337 |
_2rdamedia _aaudio _bs |
||
| 338 |
_2rdacarrier _avolume _bnc |
||
| 338 |
_2rdacarrier _aaudio disc _bsd |
||
| 500 | _aIncludes index. | ||
| 650 | 7 |
_aEnglish language _xGrammar _vProblems, exercises, etc. _2BUEsh |
|
| 650 | 7 |
_aEnglish language _xStudy and teaching _xForeign speakers. _2BUEsh |
|
| 651 | _2BUEsh | ||
| 653 |
_bHHUUEENN _cJanuary2017 |
||
| 655 |
_vReading book _934232 |
||
| 700 | 7 |
_aJones, Ceri, _eauthor. _938649 |
|
| 942 |
_2ddc _cBB |
||
| 999 |
_c23798 _d23770 |
||